000 00662cam a2200205 4500
001 WB3614-32
008 000000n2000 000 0 eng u
035 _a(Sirsi) u105159
245 _aAid for farmers
260 _c2000
490 _aMAFF News Release
_v(114/00) 30 March 2000 (3)
520 _aGovernment has unveiled a £203.5m aid package for the farming industry. Most of the money will be given to pig and dairy farmers. Other News Releases and documents at http://www.maff.gov.uk.
590 _aWB
650 _aAID
650 _aFARMING INDUSTRY
650 _aPIG FARMERS
650 _aDAIRY FARMERS
690 _aRural
_96268
942 _n0
999 _c63059
_d63059